| 000 | 00627nam a2200193Ia 4500 | ||
|---|---|---|---|
| 003 | GCL | ||
| 008 | 140319s9999 xx 000 0 ara d | ||
| 040 |
_aGCL / _cGCL |
||
| 082 | 0 | 4 |
_a345.01 _bم ت |
| 100 | 1 | _aمصطفى مجدى هرجة | |
| 245 | 1 | 0 |
_aالتعليق على قانون العقوبات فى ضوء الفقة و القضاء / _cمصطفى مجدى هرجة |
| 260 |
_a[S.N] : _bدار المطبوعات الجامعية ، _c1987 |
||
| 300 | _a447 ص | ||
| 490 | _a | ||
| 650 | 0 | 4 | _aالقانون |
| 650 | 0 | 4 | _aقانون العقوبات |
| 650 | 0 | 4 | _aالفقه الاسلامى |
| 942 |
_2ddc _cBK |
||
| 999 |
_c29022 _d29022 |
||